Political Parties of France - Statistics

General Stats
  • This quiz has been taken 68 times
  • The average score is 10 of 40
Answer Stats
Seats in Parliament (Hint) Answer % Correct
126/577 National Rally (RN)
97%
69/577 La France Insoumise (LFI)
92%
51/577 Les Republicans (LR)
81%
98/577 Renaissance (RE)
81%
66/577 Socialist Party of France (PS)
81%
8/577 Communist Party of France (PCF)
66%
33/577 Democratic Movement (MoDem)
61%
21/577 Horizons (HOR)
60%
25/577 Les Ecologistes (LE)
60%
16/577 Les Republicans- Ciotti Faction (LR-AD)
39%
1/577 Place Publique (PP)
26%
1/577 Generation Ecology (GE)
21%
5/577 Union of Democrats and Independents (UDI)
21%
6/577 Generation.s
16%
1/577 Picardie Debout! (PD!)
16%
4/577 La France Insoumise Dissidents (LAPRES)
11%
2/577 Radical Party of France (PRV)
11%
1/577 Ecological Revolution for the Living (REV)
10%
2/577 Les Centristes (LC)
10%
1/577 Centrist Alliance (AC)
8%
1/577 Le Progres (LP)
8%
1/577 Rezistans Egalite 974 (RE974)
8%
1/577 Archipelago Tomorrow (AD)
6%
1/577 Caledonian Union (UC)
6%
1/577 Decolonization and Social Emancipation Movement (MDES)
6%
1/577 Euskal Herria Bai (EHBAI)
6%
1/577 Generations New Caledonia (GNC)
6%
2/577 Pour La Reunion (PLR)
6%
1/577 Progressive Democratic Party of Guadeloupe (PPDG)
6%
1/577 Republican and Socialist Left (GRS)
6%
1/577 Tapura Huiraatira (TAPURA)
6%
1/577 Bonapartist Central Committee (CCB)
5%
1/577 Party of the Corsican Nation (PNC)
5%
2/577 Peyi-A (PEYI)
5%
1/577 Saint Martinois Rally (RSM)
5%
1/577 Tavini Huiraatira (TAVINI)
5%
1/577 A Here Ia Porinetia (AHIP)
3%
1/577 En Comun! (EC)
3%
2/577 Femu a Corsica (FAC)
3%
1/577 Territories-44 (T44)
3%
No matching quizzes found
Score Distribution
Percent of People with Each Score
Percentile by Number Answered
Your Score History
You have not taken this quiz